|
|
|
|
| LEADER |
00000nas a2200000 4500 |
| 005 |
20141107120453.0 |
| 007 |
cr|||| |||| |
| 008 |
010310c1983 sp fr|p s|||| 0|||a1cat d |
| 022 |
|
|
|a 0212-5056
|
| 035 |
|
|
|a 4688
|
| 040 |
|
|
|a BUS
|d vLex
|
| 080 |
|
|
|a 351.85 : 804.99
|
| 080 |
|
|
|a 80 : 351.85
|
| 080 |
|
|
|a 804.99 : 351.85
|
| 080 |
|
|
|a 80 : 351.85
|
| 090 |
|
|
|c 5277
|d 5277
|
| 245 |
3 |
0 |
|a Revista de llengua i dret
|h [Recurso electrn̤ico]
|
| 256 |
|
|
|a Servicio en lƯ̕nea.
|
| 260 |
|
|
|a Barcelona :
|b Generalitat de Catalunya, Escola d'Administraci ̤Pb︢lica de Catalunya.
|c 1983 -
|
| 300 |
|
|
|a 1 recurso electrn̤ico
|
| 310 |
|
|
|a Semestral.
|
| 500 |
|
|
|a Descripcin̤ basada en: 1991.
|
| 506 |
1 |
|
|a Contenido disponible en los productos indicados
|d vLex Global
|d vLex Global (Academic Edition, excluding Law Schools)
|d vLex Global (U.S. Academic Edition, Law Schools)
|d vLex Global (U.S. Academic Edition, excluding Law Schools)
|d vLex Global (Academic Edition, Law Schools)
|
| 650 |
0 |
4 |
|a FilologƯ̕a catalana
|x Publicaciones perid̤icas.
|
| 650 |
0 |
4 |
|a PolƯ̕tica linguƯ̕stica
|z Espaą
|x Publicaciones perid̤icas.
|
| 650 |
0 |
4 |
|a PolƯ̕tica linguƯ̕stica
|x Publicaciones perid̤icas.
|
| 650 |
0 |
4 |
|a PolƯ̕tica lingus̕tica
|z Espaą
|z Cataluą
|x Publicaciones perid̤icas.
|
| 651 |
|
4 |
|a Espaą -
|x Lenguas
|x Derecho
|x Publicaciones perid̤icas.
|
| 651 |
|
4 |
|a Cataluą (Espaą)
|x Lenguas
|x Derecho
|x Publicaciones perid̤icas.
|
| 710 |
2 |
|
|a Cataluą.
|b Generalidad
|
| 710 |
2 |
|
|a Escola d'Administraci ̤Pb︢lica de Catalunya.
|
| 740 |
|
|
|a vLex Revistas (Servicio en lƯ̕nea)
|
| 856 |
4 |
0 |
|u http://vlex.com/source/revista-lenguaje-derecho-4688
|z Acceso restringido
|
| 942 |
|
|
|c REV
|
| 999 |
0 |
|
|a Catalan philology
|
| 999 |
0 |
|
|a Language policy
|